Political parties and political corruption in comparative historical perspective

Saved in:
Bibliographic Details
Main Author: Heidenheimer, Arnold J.
Format: Book
Language:English
Published: San Domenico (FI) European University Institute 1999
Series:EUI Working paper RSC No. 99/28
Subjects:
Tags: Add Tag
No Tags, Be the first to tag this record!

MARC

LEADER 00000nam a2200000 4500
001 c132337
005 20221108123958.8
041 0 |a eng 
044 |a IT 
245 1 0 |a Political parties and political corruption in comparative historical perspective  |c Arnold J. Heidenheimer 
264 1 |a San Domenico (FI)  |b European University Institute  |c 1999 
300 |a 16 s. 
490 1 |a EUI Working paper RSC  |v No. 99/28 
830 0 |a EUI Working paper RSC  |v No. 99/28 
610 2 0 |a strany politické 
610 2 0 |a financovanie 
610 2 0 |a korupcia 
610 2 0 |a prognózy 
610 2 0 |a Európa 
610 2 0 |a Amerika 
100 1 |a Heidenheimer, Arnold J.